000 00667nam a2200217Ia 4500
001 8997
003 GE_BSU
008 181216s||||||||xx |||||||||||||| ||und||
040 _cGE_BSU
100 _aკახიძე,მედეა
245 _aგადაძახილი
245 _bლექსები
245 _cრედ.მილიცა ჯაფარიძე,მხატვ.სპარტაკ ცინცაძე
260 _aთბილისი
260 _bმერანი
260 _c1976
300 _a189გვ.17სმ.
653 _aგადაძახილი
653 _aლექსები
942 _cBK
999 _c42302
_d42302